Evaluación del uso de anclajes activos y pasivos para la estabilización de taludes de corte en la Carretera Interamericana Sur
Guardado en:
| Autor principal: | |
|---|---|
| Formato: | Libro |
| Publicado: |
[San José, Costa Rica]
2007
|
| Materias: | |
| Etiquetas: |
Agregar Etiqueta
Sin Etiquetas, Sea el primero en etiquetar este registro!
|
MARC
| LEADER | 00000nam a2200000Ia 4500 | ||
|---|---|---|---|
| 003 | 009941 | ||
| 005 | 20221231144108.0 | ||
| 008 | 140114s2007 cr a 000 ||s d | ||
| 040 | |c cru CEDI | ||
| 090 | |a TFG 5469 | ||
| 100 | |a Riggioni Leonhardes, Priscilla |9 4836 | ||
| 245 | |a Evaluación del uso de anclajes activos y pasivos para la estabilización de taludes de corte en la Carretera Interamericana Sur | ||
| 260 | |c 2007 |b [San José, Costa Rica] | ||
| 300 | |a xi, 181 hojas; ilustraciones a color, mapas color | ||
| 500 | |a Tesis (licenciatura en ingeniería civil)--Universidad de Costa Rica. Facultad de Ingeniería. Escuela de Ingeniería Civil | ||
| 650 | |x DESPRENDIMIENTOS DE TIERRAS |x ESTABILIZACION DE SUELOS |x INVESTIGACIONES |9 4837 | ||
| 942 | |c TFG | ||
| 999 | |c 16808 |d 16808 | ||
